header

Fieldworks (Record no. 20451)

MARC details
000 -LEADER
fixed length control field 01420nam a2200361Ia 4500
082 04 - DEWEY DECIMAL CLASSIFICATION NUMBER
Classification number 811/.5409358
100 1# - MAIN ENTRY--AUTHOR NAME
Personal name Shaw, Lytle.
245 10 - TITLE STATEMENT
Title Fieldworks
260 ## - PUBLICATION, DISTRIBUTION, ETC. (IMPRINT)
Place of publication Tuscaloosa :
Name of publisher University of Alabama Press,
Year of publication 2013.
300 ## - PHYSICAL DESCRIPTION
Number of Pages xiv, 379 p.
490 0# - SERIES STATEMENT
Series statement Modern and contemporary poetics
650 #0 - SUBJECT ADDED ENTRY--TOPICAL TERM
Topical Term American poetry
Topical Term Place (Philosophy) in literature.
Topical Term Setting (Literature)
Topical Term Poetics
856 40 - ELECTRONIC LOCATION AND ACCESS
Uniform Resource Identifier http://site.ebrary.com/lib/rucke/Doc?id=10701230

No items available.

© 2026 Rongo University
Contact us: librarian | system librarian | Rongo university